00405nam a2200181Ia 4500008004100000020001800041050001400059100001900073245001500092245002200107260001500129260001600144260000900160300001600169300002000185300001000205500000800215170918s9999 xx 000 0 und d a9780545361641 bK845 2012 aKorman, Gordon aUngifted / cby Gordon Korman. aNew York : bScholastic, c2012 a280 pages : billustrations ; c19cm. a730